000 00464nam a2200181Ia 4500
005 20250508152155.0
008 008 250505s9999 xx 000 0 hin d
037 _aTextual
040 _aFEDL
_beng
_cFEDL
041 _ahin
_2eng
084 _aB, TIL
_qFEDL
100 _aSharma Sriram
245 0 _aLokmanya Tilak
260 _aNew Delhi, India
_bAtma Ram and Sons
_c1954
300 _a86p
942 _cTEXL
_hB, TIL
999 _c1334753
_d1334753